| 000 | 00671nam a2200241Ia 4500 | ||
|---|---|---|---|
| 001 | 3354 | ||
| 005 | 20240113233624.0 | ||
| 007 | ta | ||
| 008 | 170811s1966 ii a g b000 u 465 u | ||
| 040 | _aCotton College Assam | ||
| 041 | _aeng | ||
| 082 |
_a928 _bBa 23 Pr |
||
| 100 | _aNeog, Maheswar . | ||
| 245 | 0 |
_aProfessor Suryya Kumar Bhuyan Commemoration Volume / _cMaheswar Neog, H K Barpujari. _hTextual Documents |
|
| 250 | _a1st ed. / | ||
| 260 |
_aGauhati : _bLocal Committee XX11 Session , _c1966. |
||
| 300 |
_a302p. : _bill ; _c24 cm. . |
||
| 504 | _aNote | ||
| 653 | _aBiography | ||
| 942 |
_2ddc _cBK |
||
| 999 |
_c3342 _d3342 |
||